| 000 | 00545nam a2200193Ia 4500 | ||
|---|---|---|---|
| 005 | 20230605133835.0 | ||
| 008 | 131103s9999 xx 000 0 und d | ||
| 040 | _aLoreto College | ||
| 041 | _aEnglish | ||
| 082 |
_a825 _bBUR |
||
| 245 | 4 |
_aThe Works of the right honourable Edmund Burke _cwith a preface by F. W. Raffety |
|
| 260 |
_aLondon _boxford University Press _c1797 |
||
| 300 | _axvi,385,14p. | ||
| 504 | _aIncludes index | ||
| 650 | _aEnglish literature - speechs | ||
| 700 | _aRaffety, F. W. | ||
| 850 | _aLCLIB | ||
| 942 | _cBK | ||
| 999 |
_c22693 _d73172 |
||